[Event "4NCL/Div2/SWD-GD"]
[Site "Rd4-Birmingham"]
[Date "1999.11.21"]
[Round "4.4"]
[White "Walden-Jones, Andrew"]
[Black "Zeidler, Sven"]
[Result "0-1"]
[WhiteElo "2159"]
[BlackElo "2235"]
[PlyCount "82"]
[EventDate "1999.11.21"]
[Source "Britbase"]
[SourceDate "2000.01.01"]

1. e4 d5 2. exd5 Qxd5 3. Nf3 Qa5 4. c3 Bg4 5. d4 Nc6 6. Be2 O-O-O 7. Nbd2 Nf6
8. O-O Qf5 9. h3 Bxf3 10. Bxf3 e5 11. Bxc6 bxc6 12. Qa4 e4 13. Qxc6 Bd6 14. Nc4
Rhe8 15. Qa6+ Kd7 16. Nxd6 cxd6 17. Qxa7+ Ke6 18. c4 Rd7 19. Qa4 g5 20. f3 Qg6
21. Qb5 h6 22. fxe4 Nxe4 23. Qd5+ Ke7 24. Be3 Kf8 25. Qf5 Qxf5 26. Rxf5 Rde7
27. Bf2 Kg7 28. Rf3 Nd2 29. Rc3 Re2 30. b3 Rxf2 31. Kxf2 Ne4+ 32. Kf1 Nxc3 33.
a4 Ne4 34. a5 Nd2+ 35. Kf2 Nxb3 36. Ra3 Nxd4 37. Rd3 Nc6 38. Rd5 Ra8 39. Rxd6
Nxa5 40. c5 Nb7 41. Rc6 Ra5 0-1

[Event "4NCL/Div2/SWD-GD"]
[Site "Rd4-Birmingham"]
[Date "1999.11.21"]
[Round "4.5"]
[White "Saunders, John"]
[Black "Saunders, W Nigel"]
[Result "1/2-1/2"]
[WhiteElo "2200"]
[BlackElo "2150"]
[PlyCount "57"]
[EventDate "1999.11.21"]
[Source "Britbase"]
[SourceDate "2000.01.01"]

1. e4 e6 2. d4 d5 3. Nd2 Nf6 4. e5 Nfd7 5. Bd3 c5 6. c3 Nc6 7. Ne2 Qb6 8. Nf3
a5 9. O-O a4 10. a3 Be7 11. Bc2 Qa6 12. Nf4 g6 13. Re1 Nb6 14. dxc5 Bxc5 15.
Nd3 Be7 16. Nb4 Qa5 17. Bh6 Nc4 18. Rb1 Bd7 19. Bg7 Rg8 20. Bf6 Nxb4 21. axb4
Qd8 22. Bxe7 Qxe7 23. Bd3 b5 24. Nd4 Kf8 25. Bxc4 dxc4 26. Re3 Kg7 27. Rh3 h6
28. Qd2 Rh8 29. Ra1 1/2-1/2

[Event "4NCL/Div2/SWD-GD"]
[Site "Rd4-Birmingham"]
[Date "1999.11.21"]
[Round "4.6"]
[White "Adams, Mark"]
[Black "Morris, Charles"]
[Result "0-1"]
[WhiteElo "2024"]
[BlackElo "2231"]
[PlyCount "59"]
[EventDate "1999.11.21"]
[Source "Britbase"]
[SourceDate "2000.01.01"]

1. e4 e6 2. d4 d5 3. Nc3 Nf6 4. e5 Nfd7 5. f4 c5 6. Nf3 Nc6 7. Be3 cxd4 8. Nxd4
Bc5 9. Qd2 O-O 10. Nf3 a6 11. Bxc5 Nxc5 12. O-O-O b5 13. f5 b4 14. f6 gxf6 15.
Qh6 Nxe5 16. Nxe5 fxe5 17. Nxd5 exd5 18. Rxd5 Nd7 19. Rd6 Qe7 20. Bc4 Kh8 21.
Rhd1 Rg8 22. R6d2 Nf6 23. Qe3 Ng4 24. Qb6 Be6 25. Bxe6 Qxe6 26. Rd6 Qc4 27. h3
Qf4+ 28. Kb1 Ne3 29. Rf6 Qe4 30. Rc1 0-1

[Event "4NCL/Div2/SWD-GD"]
[Site "Rd4-Birmingham"]
[Date "1999.11.21"]
[Round "4.7"]
[White "Cast, Abigail"]
[Black "Blackburn, Jonathan"]
[Result "1/2-1/2"]
[WhiteElo "2119"]
[BlackElo "1981"]
[PlyCount "107"]
[EventDate "1999.11.21"]
[Source "Britbase"]
[SourceDate "2000.01.01"]

1. d4 e6 2. Nf3 b6 3. Bf4 Bb7 4. Nbd2 f5 5. e3 Nf6 6. Bd3 Be7 7. h3 O-O 8. O-O
h6 9. Re1 Na6 10. c3 Qe8 11. Qe2 Qc8 12. Ne5 c5 13. Ng6 Rf7 14. Nc4 Qc6 15. f3
d6 16. Nxe7+ Rxe7 17. Nxd6 Nc7 18. Nxb7 Qxb7 19. dxc5 bxc5 20. Bd6 Rd7 21. Bxc5
Rad8 22. Red1 Nh5 23. Bd4 f4 24. Be4 Ng3 25. Bxb7 Nxe2+ 26. Kf2 Nxd4 27. Rxd4
Rxd4 28. exd4 Rb8 29. Bc6 Rxb2+ 30. Kf1 Nd5 31. Bxd5 exd5 32. a4 Rb3 33. Re1
Rxc3 34. Re5 Rc4 35. Rxd5 Rxa4 36. Rd7 a5 37. Ke2 Ra2+ 38. Kf1 a4 39. d5 a3 40.
Ra7 Kf8 41. d6 Ke8 42. Ke1 Ra1+ 43. Kd2 a2 44. Kc3 g5 45. Kb2 Rg1 46. Kxa2
Rxg2+ 47. Kb3 Rd2 48. Re7+ Kd8 49. Re6 Rd3+ 50. Kc4 Rxf3 51. Rxh6 Rf1 52. Kd5
Rd1+ 53. Ke6 Re1+ 54. Kd5 1/2-1/2

[Event "4NCL/Div2/SWD-GD"]
[Site "Rd4-Birmingham"]
[Date "1999.11.21"]
[Round "4.8"]
[White "Blackburn, Suzie"]
[Black "Cast, Jason"]
[Result "0-1"]
[WhiteElo "1492"]
[BlackElo "1848"]
[PlyCount "82"]
[EventDate "1999.11.21"]
[Source "Britbase"]
[SourceDate "2000.01.01"]

1. d4 Nf6 2. Nf3 e6 3. Bg5 c5 4. e3 Qb6 5. Bxf6 Qxb2 6. Bxg7 Bxg7 7. Nbd2 cxd4
8. Rb1 Qc3 9. Rb3 Qc5 10. Rb5 Qe7 11. exd4 Nc6 12. Ne4 b6 13. c3 d5 14. Ng3 Ba6
15. Qa4 Qb7 16. Rb1 Bxf1 17. Nxf1 O-O 18. Qc2 Rac8 19. Qd3 e5 20. Qd2 Rfe8 21.
Ne3 e4 22. Ng1 Na5 23. Nf5 Qc6 24. Ne2 Qf6 25. Nxg7 Qxg7 26. O-O Nc4 27. Qf4
Re6 28. Rfc1 Rf6 29. Qg3 Rg6 30. Qh3 Rcc6 31. Nf4 Rg4 32. Qh5 Rxf4 33. Qxd5 Rg6
34. g3 Nd2 35. Rb2 Nf3+ 36. Kg2 Qh6 37. h3 Rff6 38. Qxe4 Qxc1 39. Rb1 Qxc3 40.
d5 Nd2 41. Qe8+ Kg7 0-1

[Event "4NCL/Div2/TWR-SCS"]
[Site "Rd4-Birmingham"]
[Date "1999.11.21"]
[Round "4.1"]
[White "Townsend, Paul"]
[Black "Greet, Andrew"]
[Result "0-1"]
[WhiteElo "2224"]
[BlackElo "2215"]
[PlyCount "62"]
[EventDate "1999.11.21"]
[Source "Britbase"]
[SourceDate "2000.01.01"]

1. d4 Nf6 2. c4 g6 3. Nc3 Bg7 4. e4 d6 5. Bd3 O-O 6. Nge2 Nc6 7. O-O Nh5 8. Be3
e5 9. d5 Ne7 10. c5 f5 11. f3 f4 12. Bf2 g5 13. Rc1 g4 14. Kh1 Ng6 15. Qe1 Bh6
16. cxd6 cxd6 17. Nb5 g3 18. Bg1 Nh4 19. Bxa7 Kh8 20. Rxc8 Rxc8 21. h3 Nf6 22.
Qb4 Ng4 23. Qxd6 Qg5 24. Qe6 Nh2 25. Rg1 N4xf3 26. gxf3 Rce8 27. Qd7 Re7 28.
Qd6 Nxf3 29. Bc5 Qh4 30. Kg2 Nd2 31. Nxf4 Qxf4 0-1

[Event "4NCL/Div2/TWR-SCS"]
[Site "Rd4-Birmingham"]
[Date "1999.11.21"]
[Round "4.2"]
[White "Bigg, Andrew"]
[Black "Waters, Clive"]
[Result "1-0"]
[WhiteElo "2208"]
[BlackElo "2158"]
[PlyCount "67"]
[EventDate "1999.11.21"]
[Source "Britbase"]
[SourceDate "2000.01.01"]

1. d4 Nf6 2. Bg5 d5 3. Bxf6 gxf6 4. c4 c5 5. cxd5 Qxd5 6. Nf3 cxd4 7. Nc3 Qa5
8. Nxd4 Bd7 9. e3 Nc6 10. Nb3 Qe5 11. Bc4 e6 12. Qe2 Bb4 13. O-O f5 14. f4 Qg7
15. Nb5 O-O 16. a3 Be7 17. Rad1 Rad8 18. Nd6 Bc8 19. Nxc8 Rxc8 20. Rd7 Bf6 21.
Bxe6 Ne7 22. Rxe7 Bxe7 23. Bxc8 Rxc8 24. Nd4 Qf6 25. Qd3 Bc5 26. Qxf5 Qd8 27.
Qg4+ Kh8 28. Nf5 Bf8 29. Rd1 Qe8 30. Qg5 h6 31. Nxh6 Qxe3+ 32. Kh1 Be7 33.
Nxf7+ Kh7 34. Qf5+ 1-0

[Event "4NCL/Div2/TWR-SCS"]
[Site "Rd4-Birmingham"]
[Date "1999.11.21"]
[Round "4.3"]
[White "Burnett, Jim"]
[Black "Deva, Chetan"]
[Result "1-0"]
[WhiteElo "2215"]
[BlackElo "2127"]
[PlyCount "87"]
[EventDate "1999.11.21"]
[Source "Britbase"]
[SourceDate "2000.01.01"]

1. Nf3 Nf6 2. g3 d5 3. Bg2 Bf5 4. O-O Nbd7 5. d3 e5 6. Nbd2 Be7 7. Qe1 c6 8. e4
dxe4 9. dxe4 Bg6 10. Nh4 Qc7 11. Qe2 O-O-O 12. b3 Ne8 13. Nf5 Bxf5 14. exf5 Nd6
15. Bh3 g6 16. Qf3 Kb8 17. Bb2 f6 18. Rad1 Rhg8 19. Ne4 Nxe4 20. Qxe4 g5 21. b4
h5 22. Bg2 g4 23. a3 h4 24. Rd3 hxg3 25. Rxg3 Nb6 26. Rxg4 Nd5 27. Rxg8 Rxg8
28. Bc1 Bf8 29. Bd2 Qh7 30. Kh1 Rh8 31. h3 Bh6 32. c4 Ne7 33. Bxh6 Qxh6 34. f4
Re8 35. fxe5 Rd8 36. e6 Kc8 37. Qf4 Qh7 38. b5 Rd3 39. a4 Ra3 40. Kh2 Rd3 41.
a5 Qg8 42. bxc6 Nxc6 43. Bxc6 bxc6 44. Rb1 1-0

[Event "4NCL/Div2/TWR-SCS"]
[Site "Rd4-Birmingham"]
[Date "1999.11.21"]
[Round "4.4"]
[White "Noakes, Matthew"]
[Black "Jobe, Mopati"]
[Result "1/2-1/2"]
[WhiteElo "2056"]
[BlackElo "2180"]
[PlyCount "117"]
[EventDate "1999.11.21"]
[Source "Britbase"]
[SourceDate "2000.01.01"]

1. d4 d5 2. c4 c6 3. Nc3 Nf6 4. e3 Bf5 5. Qb3 Qb6 6. Qxb6 axb6 7. cxd5 cxd5 8.
Nf3 Nc6 9. Bb5 Bd7 10. O-O e6 11. Bd2 Be7 12. Rfc1 O-O 13. Be1 Rfc8 14. Ne5 Be8
15. Nd3 Na5 16. Bxe8 Nxe8 17. Nb5 Nc4 18. b3 Ncd6 19. Nxd6 Nxd6 20. Rxc8+ Rxc8
21. Rc1 Rxc1 22. Nxc1 Kf8 23. Nd3 Ke8 24. Kf1 f6 25. Ke2 Kd7 26. f3 Nb5 27. Kd1
Bd6 28. h3 e5 29. dxe5 fxe5 30. Kc2 Ke6 31. Bd2 h5 32. Nf2 Be7 33. Kd3 Bh4 34.
Nd1 Bf6 35. e4 d4 36. Nb2 Na7 37. Nc4 b5 38. Nb6 Be7 39. Nd5 Bd6 40. g3 Nc6 41.
f4 Ne7 42. Nxe7 Kxe7 43. fxe5 Bxe5 44. Be1 Kd6 45. g4 g6 46. b4 Ke6 47. Bf2 Bd6
48. a3 Bf4 49. Kxd4 Bc1 50. Kc5 Ke5 51. Kxb5 Bxa3 52. gxh5 gxh5 53. h4 Kxe4 54.
Bc5 Kd5 55. Bf8 Bb2 56. Kb6 Bf6 57. Kxb7 Bxh4 58. Bc5 Bg3 59. Be7 1/2-1/2

[Event "4NCL/Div2/TWR-SCS"]
[Site "Rd4-Birmingham"]
[Date "1999.11.21"]
[Round "4.5"]
[White "White, Mark"]
[Black "Rattray, Ross"]
[Result "1/2-1/2"]
[WhiteElo "2144"]
[BlackElo "1888"]
[PlyCount "66"]
[EventDate "1999.11.21"]
[Source "Britbase"]
[SourceDate "2000.01.01"]

1. e4 c5 2. d4 cxd4 3. c3 dxc3 4. Nxc3 Nc6 5. Nf3 e6 6. Bc4 a6 7. O-O Nge7 8.
Bg5 f6 9. Be3 b5 10. Bb3 Ng6 11. Nd4 Na5 12. Nxe6 dxe6 13. Qxd8+ Kxd8 14. Bb6+
Ke8 15. Bxa5 Bd6 16. Bb6 Ke7 17. Rfd1 Bb7 18. f3 Rhc8 19. Ne2 Ne5 20. Rd2 Nc4
21. Bxc4 Rxc4 22. Rad1 Rc6 23. Be3 Rd8 24. e5 Bc7 25. Rxd8 Bxd8 26. Nd4 Rc8 27.
exf6+ gxf6 28. Nb3 Bd5 29. Nc5 Bb6 30. b4 Rc7 31. a3 Ke8 32. Bd4 Bxc5 33. Bxc5
Rd7 1/2-1/2

[Event "4NCL/Div2/TWR-SCS"]
[Site "Rd4-Birmingham"]
[Date "1999.11.21"]
[Round "4.6"]
[White "Cooley, Oliver"]
[Black "Jones, Gawain"]
[Result "0-1"]
[WhiteElo "1896"]
[BlackElo "1928"]
[PlyCount "82"]
[EventDate "1999.11.21"]
[Source "Britbase"]
[SourceDate "2000.01.01"]

1. e4 c5 2. Nf3 d6 3. d4 cxd4 4. Nxd4 Nf6 5. Nc3 g6 6. Be3 Bg7 7. f3 O-O 8. Qd2
Nc6 9. O-O-O d5 10. exd5 Nxd5 11. Nxc6 bxc6 12. Bd4 e5 13. Bc5 Be6 14. Ne4 Re8
15. Bc4 a5 16. h4 h6 17. g4 a4 18. Ba3 Rb8 19. h5 g5 20. Nc3 Nxc3 21. Qxc3 Qb6
22. Bxe6 Rxe6 23. Bc5 Qb5 24. a3 Ree8 25. Bb4 e4 26. Qe3 Be5 27. Kb1 c5 28. Rd5
Bd4 29. Rxd4 cxd4 30. Qxd4 Qb6 31. Qd5 e3 32. Re1 e2 33. Qd3 Qe6 34. Bd2 Rbd8
35. Qc3 Qd5 36. Bc1 Qd1 37. Qb4 Qxe1 38. Qxe1 Rd1 39. Qc3 e1=Q 40. Qf6 Rxc1+
41. Ka2 Ra1# 0-1

[Event "4NCL/Div2/TWR-SCS"]
[Site "Rd4-Birmingham"]
[Date "1999.11.21"]
[Round "4.7"]
[White "Mitchell, Gareth"]
[Black "Habibi, Amir"]
[Result "0-1"]
[WhiteElo "1544"]
[BlackElo "1696"]
[PlyCount "60"]
[EventDate "1999.11.21"]
[Source "Britbase"]
[SourceDate "2000.01.01"]

1. e4 e6 2. d3 d5 3. Qe2 dxe4 4. dxe4 Nf6 5. Nf3 Be7 6. e5 Nd5 7. c4 Nb6 8. g3
O-O 9. Bg2 c5 10. b3 Nc6 11. Bb2 Qc7 12. O-O Nd7 13. Re1 b6 14. Nbd2 Bb7 15. a3
Rfd8 16. Rad1 Nf8 17. h4 a5 18. h5 h6 19. g4 a4 20. Qe3 Nh7 21. Bf1 Ng5 22. Bg2
Rd7 23. bxa4 Rad8 24. Qe2 Nd4 25. Nxd4 Bxg2 26. Kxg2 cxd4 27. Qd3 Qc6+ 28. Kg3
Qxa4 29. f4 Nh7 30. Re4 Qxd1 0-1

[Event "4NCL/Div2/WIT-PER"]
[Site "Rd4-Birmingham"]
[Date "1999.11.21"]
[Round "4.1"]
[White "Devereaux, Max"]
[Black "Hunt, Adam"]
[Result "0-1"]
[WhiteElo "2265"]
[BlackElo "2288"]
[PlyCount "78"]
[EventDate "1999.11.21"]
[Source "Britbase"]
[SourceDate "2000.01.01"]

1. e4 c5 2. Nf3 d6 3. Bb5+ Bd7 4. Bxd7+ Qxd7 5. c4 Nc6 6. Nc3 g6 7. d4 cxd4 8.
Nxd4 Bg7 9. Be3 Nf6 10. f3 O-O 11. O-O a6 12. Rc1 Rac8 13. Qd2 Nxd4 14. Bxd4
Rxc4 15. Bxf6 Bxf6 16. Nd5 Rxc1 17. Rxc1 Rc8 18. Nxf6+ exf6 19. Rxc8+ Qxc8 20.
h4 Qc5+ 21. Kh2 Kg7 22. b4 Qe5+ 23. f4 Qxe4 24. Qxd6 Qe1 25. h5 Qh4+ 26. Kg1
Qxh5 27. a4 Qe2 28. Kh2 Qe4 29. Qd2 Qc6 30. a5 Qe4 31. g3 h6 32. Qc3 Qe2+ 33.
Kh3 h5 34. Qd4 Qg4+ 35. Kh2 h4 36. gxh4 Qxh4+ 37. Kg2 Qg4+ 38. Kh1 g5 39. Qd5
gxf4 0-1

[Event "4NCL/Div2/WIT-PER"]
[Site "Rd4-Birmingham"]
[Date "1999.11.21"]
[Round "4.2"]
[White "Broomfield, Matthew"]
[Black "Headlong, Tim"]
[Result "1/2-1/2"]
[WhiteElo "2164"]
[BlackElo "2261"]
[PlyCount "41"]
[EventDate "1999.11.21"]
[Source "Britbase"]
[SourceDate "2000.01.01"]

1. d4 d5 2. Nf3 c5 3. dxc5 e6 4. c4 Bxc5 5. cxd5 exd5 6. e3 Nc6 7. Nc3 Nf6 8.
Bb5 O-O 9. O-O Bg4 10. b3 Qd6 11. Bb2 Rad8 12. Be2 a6 13. Qc2 Ba7 14. Rfd1 Rfe8
15. Rac1 Bb8 16. g3 Ba7 17. a3 Qe7 18. Ng5 g6 19. Nf3 Bf5 20. Bd3 Bg4 21. Be2
1/2-1/2

[Event "4NCL/Div2/WIT-PER"]
[Site "Rd4-Birmingham"]
[Date "1999.11.21"]
[Round "4.3"]
[White "Cooksey, Paul"]
[Black "Mutton, Jonathan"]
[Result "0-1"]
[WhiteElo "2229"]
[BlackElo "2109"]
[PlyCount "120"]
[EventDate "1999.11.21"]
[Source "Britbase"]
[SourceDate "2000.01.01"]

1. d4 Nf6 2. Nf3 g6 3. Bg5 Bg7 4. c3 c5 5. Nbd2 cxd4 6. cxd4 d5 7. e3 Ne4 8.
Bf4 Nc6 9. Be2 Bf5 10. O-O O-O 11. Nb3 Rc8 12. Ne5 Nxe5 13. Bxe5 f6 14. Bg3
Nxg3 15. hxg3 Bc2 16. Qd2 Bxb3 17. axb3 Qb6 18. b4 Rc7 19. b5 Rfc8 20. Bd3 e5
21. Qa5 exd4 22. Qxa7 Qxa7 23. Rxa7 dxe3 24. fxe3 Bh6 25. Re1 Re7 26. e4 f5 27.
e5 Bg7 28. Kf1 Bxe5 29. b6 Rce8 30. Re2 Kf7 31. Bb5 Rc8 32. Re1 Kf6 33. b3 Rc3
34. Ba4 d4 35. Ra8 Rxg3 36. Rf8+ Kg7 37. Rd8 Re3 38. Rxe3 dxe3 39. Ke2 Kf6 40.
Bb5 f4 41. Bc4 Kg5 42. Bd3 Re6 43. Rd5 Kg4 44. Be4 Bf6 45. Bf3+ Kg3 46. Rd7 Re7
47. Rc7 h5 48. Bxb7 g5 49. Bc6 g4 50. Ra7 Re6 51. b7 Be5 52. Bd5 Rb6 53. Ra8
Rb5 54. Rd8 Ra5 55. Re8 Bd6 56. Bc6 Rc5 57. Re6 Bb8 58. b4 Rc2+ 59. Kf1 h4 60.
Rg6 e2+ 0-1

[Event "4NCL/Div2/WIT-PER"]
[Site "Rd4-Birmingham"]
[Date "1999.11.21"]
[Round "4.4"]
[White "Rendle, Thomas"]
[Black "Churm, Rohan"]
[Result "1-0"]
[WhiteElo "2119"]
[BlackElo "2168"]
[PlyCount "93"]
[EventDate "1999.11.21"]
[Source "Britbase"]
[SourceDate "2000.01.01"]

1. e4 e6 2. d4 d5 3. e5 c5 4. c3 Nc6 5. Nf3 Bd7 6. Be2 f6 7. O-O cxd4 8. cxd4
fxe5 9. Nxe5 Nxe5 10. dxe5 Bc5 11. Nd2 Ne7 12. Bh5+ g6 13. Be2 Nc6 14. Nf3 O-O
15. Bh6 Rf5 16. Rc1 Bf8 17. Bxf8 Qxf8 18. Bd3 Rh5 19. Re1 Qh6 20. Qe2 Nd4 21.
Nxd4 Rxh2 22. g3 Rf8 23. Bf5 gxf5 24. Qf3 Rf7 25. Rc7 f4 26. Rxd7 Rxd7 27. Nxe6
Qh5 28. Qxh5 Rxh5 29. Nxf4 Rf5 30. Kg2 Re7 31. Nd3 Kf7 32. f4 Ke8 33. g4 Rff7
34. f5 Rc7 35. f6 Rc2+ 36. Kg3 Rd2 37. Re3 h6 38. Kf4 Rd1 39. Kf5 Rg1 40. Nf4
Rf1 41. Rc3 Kd8 42. Ke6 Rxf6+ 43. exf6 Rxf4 44. f7 Rf2 45. Rd3 Re2+ 46. Kf6
Rf2+ 47. Kg7 1-0

[Event "4NCL/Div2/WIT-PER"]
[Site "Rd4-Birmingham"]
[Date "1999.11.21"]
[Round "4.5"]
[White "Haydon, Richard"]
[Black "Thrower, Tomas"]
[Result "1-0"]
[WhiteElo "2176"]
[BlackElo "2054"]
[PlyCount "57"]
[EventDate "1999.11.21"]
[Source "Britbase"]
[SourceDate "2000.01.01"]

1. Nf3 c5 2. c4 Nc6 3. Nc3 e5 4. g3 g6 5. Bg2 Bg7 6. O-O Nge7 7. d3 O-O 8. Rb1
d6 9. a3 f5 10. Bd2 h6 11. b4 g5 12. Ne1 Rb8 13. Nc2 Be6 14. Ne3 f4 15. Ned5
Qd7 16. Nxe7+ Nxe7 17. Ne4 b6 18. Bc3 Rf7 19. bxc5 dxc5 20. Nxc5 Qc8 21. Nxe6
Qxe6 22. Qa4 a5 23. Rb5 g4 24. Rfb1 f3 25. exf3 gxf3 26. Bf1 h5 27. Bxa5 Nc8
28. c5 Qc6 29. Qc4 1-0

[Event "4NCL/Div2/WIT-PER"]
[Site "Rd4-Birmingham"]
[Date "1999.11.21"]
[Round "4.6"]
[White "Gilbert, Jessie"]
[Black "Hannon, Mark"]
[Result "0-1"]
[WhiteElo "2050"]
[BlackElo "2096"]
[PlyCount "76"]
[EventDate "1999.11.21"]
[Source "Britbase"]
[SourceDate "2000.01.01"]

1. d4 Nf6 2. c4 c5 3. d5 b5 4. f3 e6 5. e4 bxc4 6. Nc3 Bb7 7. Bxc4 exd5 8. Nxd5
Nxd5 9. Bxd5 Bxd5 10. Qxd5 Nc6 11. Ne2 Be7 12. O-O O-O 13. Be3 Nb4 14. Qd2 d5
15. a3 d4 16. Bxd4 cxd4 17. axb4 d3 18. Nc3 Bxb4 19. Qe3 Rc8 20. Kh1 Bxc3 21.
bxc3 Rxc3 22. Qxa7 Qg5 23. Kg1 h6 24. Rad1 Rd8 25. Rf2 Rc1 26. Rff1 Rxd1 27.
Rxd1 d2 28. Qf2 Qb5 29. Qe3 Rd3 30. Qe2 Qc5+ 31. Kf1 Qc2 32. Kf2 h5 33. Qf1
Qc5+ 34. Kg3 Qg5+ 35. Kf2 Qe3+ 36. Kg3 Rc3 37. Qf2 Qg5+ 38. Kh3 Qg4# 0-1

[Event "4NCL/Div2/WIT-PER"]
[Site "Rd4-Birmingham"]
[Date "1999.11.21"]
[Round "4.8"]
[White "Bennet, William"]
[Black "Smith, Lucy"]
[Result "1-0"]
[WhiteElo "1696"]
[BlackElo "1680"]
[PlyCount "83"]
[EventDate "1999.11.21"]
[Source "Britbase"]
[SourceDate "2000.01.01"]

1. d4 d5 2. c4 e6 3. Nc3 Nf6 4. cxd5 exd5 5. Bg5 Be7 6. e3 c6 7. Bd3 h6 8. Bh4
Be6 9. Nge2 Nh5 10. Bxe7 Qxe7 11. Rb1 Nf6 12. Nf4 Bd7 13. Qc2 g5 14. Nfe2 h5
15. Bf5 Rg8 16. Ng3 h4 17. Bxd7+ Qxd7 18. Nf5 Kd8 19. f3 Re8 20. O-O Ng8 21. e4
Ne7 22. Nh6 Ng8 23. Nxg8 Rxg8 24. e5 Qe7 25. Nd1 Nd7 26. Ne3 Nf8 27. Nf5 Qd7
28. b4 Ne6 29. Rfc1 Ng7 30. Nd6 Ne8 31. Qh7 Rf8 32. Qh6 Rg8 33. Re1 Qe6 34.
Nxb7+ Kc7 35. Qh7 Rf8 36. Nc5 Qe7 37. b5 Rb8 38. Na6+ Kc8 39. Nxb8 Kxb8 40.
bxc6+ Kc8 41. Rb7 Qe6 42. Qb1 1-0

[Event "4NCL/Div2/GD-KH"]
[Site "Rd5-Birmingham"]
[Date "2000.01.22"]
[Round "5.1"]
[White "Varley, Peter"]
[Black "Jossien, Arnaud"]
[Result "1-0"]
[WhiteElo "2240"]
[BlackElo "2344"]
[PlyCount "89"]
[EventDate "2000.01.22"]
[Source "Britbase"]
[SourceDate "2000.01.01"]

1. e4 d6 2. d4 Nf6 3. Nc3 Nbd7 4. f4 e5 5. Nf3 exd4 6. Qxd4 c6 7. Be3 d5 8. e5
Ng4 9. Bg1 Nh6 10. Qd2 Bb4 11. a3 Qa5 12. Nd4 O-O 13. Nb3 Bxc3 14. Nxa5 Bxd2+
15. Kxd2 f6 16. exf6 Nxf6 17. Bd3 Nf5 18. Nxb7 Nh4 19. Na5 Nxg2 20. Nxc6 Ne4+
21. Bxe4 dxe4 22. Ne7+ Kh8 23. Bd4 e3+ 24. Kc3 e2 25. Rhg1 Bb7 26. Rae1 Rac8+
27. Nxc8 Rxc8+ 28. Kd2 Nxe1 29. Kxe1 Rc7 30. Be5 Rd7 31. Kxe2 Be4 32. Rc1 Kg8
33. c4 Kf7 34. Rc3 Ke6 35. b4 g5 36. c5 Kf5 37. c6 Re7 38. c7 Bb7 39. Kf2 gxf4
40. Bd4 Re8 41. Bxa7 Ke5 42. Rd3 Rg8 43. Rd8 Rg2+ 44. Ke1 Rc2 45. Bc5 1-0

[Event "4NCL/Div2/GD-KH"]
[Site "Rd5-Birmingham"]
[Date "2000.01.22"]
[Round "5.2"]
[White "McMichael, Rick"]
[Black "Powell, J Lloyd"]
[Result "0-1"]
[WhiteElo "2261"]
[BlackElo "2152"]
[PlyCount "64"]
[EventDate "2000.01.22"]
[Source "Britbase"]
[SourceDate "2000.01.01"]

1. Nf3 Nf6 2. b3 g6 3. Bb2 Bg7 4. c4 d6 5. e3 e5 6. d4 exd4 7. Nxd4 O-O 8. Nc3
Nc6 9. Nxc6 bxc6 10. Be2 Re8 11. Bf3 Bd7 12. O-O a5 13. Ne2 Qb8 14. Bc3 Qb6 15.
Qc2 a4 16. b4 Bf5 17. Qc1 Be4 18. a3 Bxf3 19. gxf3 c5 20. Nf4 cxb4 21. axb4 Qc6
22. Qb2 a3 23. Qe2 g5 24. Ng2 Qd7 25. Kh1 Qh3 26. Rg1 Ng4 27. fxg4 Bxc3 28. Ra2
Be5 29. f4 gxf4 30. Qe1 fxe3 31. Nh4 e2 32. Rg2 Bc3 0-1

[Event "4NCL/Div2/GD-KH"]
[Site "Rd5-Birmingham"]
[Date "2000.01.22"]
[Round "5.3"]
[White "Borg, Andy"]
[Black "Thomas, Richard"]
[Result "1/2-1/2"]
[WhiteElo "2136"]
[BlackElo "2265"]
[PlyCount "95"]
[EventDate "2000.01.22"]
[Source "Britbase"]
[SourceDate "2000.01.01"]

1. d4 Nf6 2. c4 e6 3. Nf3 b6 4. a3 d5 5. cxd5 exd5 6. Nc3 Be7 7. Bg5 O-O 8. e3
Bb7 9. Bd3 Nbd7 10. O-O Re8 11. Rc1 Ne4 12. Bxe7 Rxe7 13. Nd2 c5 14. Nf3 Rc8
15. Bb1 Ndf6 16. Ne5 Qe8 17. Ba2 c4 18. Bb1 b5 19. Ng4 Nxg4 20. Qxg4 Nd2 21.
Qh3 Nxb1 22. Rxb1 a5 23. Qh5 Qd7 24. Qd1 Qc6 25. Na2 Qc7 26. Qd2 Re6 27. Rfc1
Qd8 28. b4 a4 29. Nc3 Qd7 30. Ne2 Rce8 31. Ng3 Bc8 32. Re1 Rd6 33. Rbd1 Qd8 34.
f3 f5 35. f4 Qh4 36. Nf1 Kf8 37. Rc1 Re7 38. Qf2 Qf6 39. Nd2 Ke8 40. Nf3 Kd8
41. Ne5 Kc7 42. Kf1 Rd8 43. Ke2 Be6 44. Kd2 Rg8 45. Rg1 Kb6 46. Kc3 g6 47. g3
h6 48. Rce1 1/2-1/2

[Event "4NCL/Div2/GD-KH"]
[Site "Rd5-Birmingham"]
[Date "2000.01.22"]
[Round "5.4"]
[White "McKeown, Paul"]
[Black "Walden-Jones, Andrew"]
[Result "1-0"]
[WhiteElo "1824"]
[BlackElo "2135"]
[PlyCount "63"]
[EventDate "2000.01.22"]
[Source "Britbase"]
[SourceDate "2000.01.01"]

1. e4 g6 2. d4 Nf6 3. Nc3 d5 4. f3 dxe4 5. fxe4 Bg7 6. Nf3 Ng4 7. h3 Nf6 8. Bc4
c6 9. O-O b5 10. Bb3 b4 11. e5 Nd5 12. Ne4 f5 13. exf6 exf6 14. c4 bxc3 15.
bxc3 Bf5 16. Ng3 Be6 17. Re1 Kf7 18. c4 Nc7 19. Bf4 Nba6 20. Qd2 Qd7 21. Rad1
Rhd8 22. Qa5 g5 23. Bc1 Nb8 24. Ne4 Bf8 25. Nxf6 Qd6 26. Nxh7 Kg7 27. Qxg5+
Kxh7 28. Bc2+ Kh8 29. Qh5+ Bh6 30. Qxh6+ Kg8 31. Qh7+ Kf8 32. Bh6+ 1-0

[Event "4NCL/Div2/GD-KH"]
[Site "Rd5-Birmingham"]
[Date "2000.01.22"]
[Round "5.5"]
[White "Adams, Mark"]
[Black "Mackenzie, Colin"]
[Result "1/2-1/2"]
[WhiteElo "2034"]
[BlackElo "2138"]
[PlyCount "44"]
[EventDate "2000.01.22"]
[Source "Britbase"]
[SourceDate "2000.01.01"]

1. e4 e6 2. d4 d5 3. Nc3 Bb4 4. e5 c5 5. a3 Bxc3+ 6. bxc3 Qc7 7. Nf3 Ne7 8. a4
b6 9. Bb5+ Bd7 10. O-O Bxb5 11. axb5 O-O 12. Qd3 h6 13. Ba3 a5 14. Rfd1 Nd7 15.
c4 Rfe8 16. cxd5 Nxd5 17. c3 cxd4 18. cxd4 Qc3 19. Qf1 Rec8 20. Rdc1 Qb3 21.
Rcb1 Qc2 22. Rc1 Qb3 1/2-1/2

[Event "4NCL/Div2/GD-KH"]
[Site "Rd5-Birmingham"]
[Date "2000.01.22"]
[Round "5.6"]
[White "Compton, Alistair"]
[Black "Miles, Richard"]
[Result "0-1"]
[WhiteElo "2095"]
[BlackElo "2084"]
[PlyCount "116"]
[EventDate "2000.01.22"]
[Source "Britbase"]
[SourceDate "2000.01.01"]

1. e4 c5 2. d4 cxd4 3. c3 dxc3 4. Nxc3 Nc6 5. Nf3 e6 6. Bc4 a6 7. O-O Nge7 8.
Qe2 Ng6 9. Be3 b5 10. Bd3 Bd6 11. g3 O-O 12. Rfd1 Bc7 13. Rac1 Bb6 14. Bb1 Bxe3
15. Qxe3 Nce5 16. Nxe5 Nxe5 17. b3 f6 18. Ne2 Nf7 19. Nf4 Re8 20. Nd3 Bb7 21.
Nc5 Bc6 22. Rd2 Qb6 23. Nxd7 Qxe3 24. fxe3 Bxd7 25. Rxd7 Ne5 26. Rd6 Red8 27.
Rdd1 Rac8 28. Rxc8 Rxc8 29. h3 Kf7 30. Kf2 Ke7 31. Ke2 Rc3 32. Kd2 Rc7 33. Bd3
Nxd3 34. Kxd3 Kd6 35. Kd4 Rc2 36. e5+ fxe5+ 37. Ke4+ Kc7 38. Kxe5 Rxa2 39. Rc1+
Kd7 40. Rd1+ Ke7 41. Rc1 Rd2 42. Rc7+ Rd7 43. Rc6 Rd5+ 44. Ke4 a5 45. Ra6 b4
46. h4 h5 47. Ra7+ Kf6 48. Ra8 g6 49. Rf8+ Ke7 50. Ra8 Rc5 51. Ra7+ Kf6 52. Ra6
Rc3 53. Rxa5 Rxb3 54. Rb5 Rb1 55. Kf3 b3 56. Kf2 b2 57. Kg2 Ke7 58. Kf2 Rh1 0-1

[Event "4NCL/Div2/GD-KH"]
[Site "Rd5-Birmingham"]
[Date "2000.01.22"]
[Round "5.7"]
[White "Blackburn, Jonathan"]
[Black "Gilfillan, Andrew"]
[Result "0-1"]
[WhiteElo "1896"]
[BlackElo "1976"]
[PlyCount "108"]
[EventDate "2000.01.22"]
[Source "Britbase"]
[SourceDate "2000.01.01"]

1. d4 d5 2. c4 dxc4 3. Nf3 Nf6 4. e3 Bg4 5. Bxc4 e6 6. h3 Bh5 7. O-O a6 8. Nc3
Nc6 9. Be2 Bd6 10. b3 O-O 11. Bb2 Qe7 12. Nd2 Bg6 13. Nc4 Rfd8 14. a3 b5 15.
Bf3 Qe8 16. Nxd6 Rxd6 17. Qe2 Rad8 18. Rfd1 Na5 19. b4 Nc4 20. a4 c6 21. axb5
axb5 22. Na4 e5 23. Nc5 e4 24. Bg4 h5 25. Nb7 hxg4 26. Nxd6 Rxd6 27. hxg4 Nxg4
28. Qxg4 Nxb2 29. Rd2 Nd3 30. Rda2 Rd8 31. Qg5 Nxb4 32. Ra7 Nd5 33. Rc1 Rb8 34.
Qg3 b4 35. Raa1 b3 36. Rab1 Bh5 37. Rxc6 Be2 38. Rc5 Nf6 39. Rb2 Bd3 40. Rg5 g6
41. Qd6 Kg7 42. Ra5 Rc8 43. Ra1 Qb5 44. Qe5 Qb4 45. d5 Rc5 46. Qd4 Qxd4 47.
exd4 Rb5 48. d6 Bc2 49. Ra6 Rd5 50. g3 Rxd4 51. Rc6 Rd2 52. Rb6 Ne8 53. Kg2
Nxd6 54. Rb4 e3 0-1